• 首页
  • 本馆介绍
  • 公告通知
  • 最新文献
  • 馆藏检索
  • 电子资源
  • 读者导购
  • 参考咨询
  • 我的图书馆
  • 登录
  • 详细信息显示
  • 放入我的书架
  • 预约/预借图书
  • 作者相关作品
  • 分类相关作品
  • 丛书相关作品
  • 出版社相关作品

书目信息

  • 表格格式
  • 工作单格式
  • 卡片格式
题名:
虽由人作,宛自天开
    
 
作者: 马菁 著
分册:  
出版信息: 北京   中国纺织出版社  2017.9
页数: 297页
开本: 24cm
丛书名:
单 册:
中图分类: TU986.62
科图分类:
主题词: 古典园林--园林艺术--研究--中国
电子资源:
ISBN: 978-7-5180-2850-4
000 01031nam0 2200265 450
001 0400003077
005 20171021192006.0
010    @a978-7-5180-2850-4@dCNY78.00
100    @a20170905d2017 em y0chiy50 ea
101 0  @achi
102    @aCN@b110000
105    @aab z 000yy
106    @ar
200 1  @a虽由人作,宛自天开@9sui you ren zuo,wan zi tian kai@e中国古典园林艺术及其设计发展@f马菁著
210    @a北京@c中国纺织出版社@d2017.9
215    @a297页@c图,地图@d24cm
300    @a中外设计艺术锦集
320    @有书目(第296-297页)
330    @a本书分为两部分,第一部分主要研究了中国古典园林的特征、类型、意境及历史发展;第二部分,研究了园林植物的功能应用、常见类型、选配艺术,园林的叠山理水手法,园林的建筑设计、家具陈设手法,以及造园赏园等内容。
517 1  @a中国古典园林艺术及其设计发展@9zhong guo gu dian yuan lin yi shu ji qi she ji fa zhan
606 0  @a古典园林@x园林艺术@x研究@y中国
690    @aTU986.62@v5
701  0 @a马菁@9ma jing@4著
801  0 @aCN@b91MARC@c20171021
905    @b1033306-10@dTU986.62@f5@e1165
    
    虽由人作,宛自天开:中国古典园林艺术及其设计发展/马菁著.-北京:中国纺织出版社,2017.9
    297页:图,地图;24cm
    中外设计艺术锦集
    
    ISBN 978-7-5180-2850-4:CNY78.00
    本书分为两部分,第一部分主要研究了中国古典园林的特征、类型、意境及历史发展;第二部分,研究了园林植物的功能应用、常见类型、选配艺术,园林的叠山理水手法,园林的建筑设计、家具陈设手法,以及造园赏园等内容。
●
相关链接 在E读中查询图书 在五车中查询图书 在当当中查询图书 在豆瓣中查询图书


正题名:虽由人作,宛自天开     索取号:TU986.62/1165         预约/预借

序号 登录号 条形码 馆藏地/架位号 状态 备注
1 1033306   210333067   第二样本阅览室/ [索取号:TU986.62/1165] 在馆    
2 1033307   210333076   密集书库-生命科学系/ [索取号:TU986.62/1165] 在馆    
3 1033308   210333085   第三借阅区/ [索取号:TU986.62/1165] 在馆    
4 1033309   210333094   第三借阅区/ [索取号:TU986.62/1165] 在馆    
5 1033310   210333101   第三借阅区/ [索取号:TU986.62/1165] 在馆    
唐山师范学院图书馆 欢迎您!
大连网信软件有限公司© 版权所有